000 00311nam a22001097a 4500
999 _c4144
_d4144
008 250122b ||||| |||| 00| 0 eng d
020 _a9781426330421
082 _a932 DRI
100 _aSTEPHANIE WARREN DRIMMER
_eDRIMMER,STEPHANIE WARREN
245 _aANCIENT EGYPT
942 _2ddc
_h932 DRI